000 00508nam a22001937a 4500
003 OSt
005 20170116182414.0
008 170116b xxu||||| |||| 00| 0 eng d
020 _a9780521672474
040 _cDMLN
082 _aWN200 E32m 2010
100 _aEdited by Mayi S. Krishnam; John, Curtis
_911399
245 _aEmergency Radiology
260 _aCambridge University Press, 2010
300 _axiii,261p; ill: 24cm
504 _aIndex included
650 _aRadiology
_947
942 _2z
_cO_SHELF
999 _c5455
_d5455